Empresas más grandes que desaparecieron - Estadísticas

Estadísticas generales
  • Esta prueba ha sido intentada 11 veces
  • La puntuación promedio es 2 de 9
Estadísticas de respuestas
Año de la desaparición | PAÍS Respuesta % Correcto
2014 | Estados Unidos Blockbuster
55%
2008 | Estados Unidos Lehman Brothers
36%
2011 | Suecia Saab
36%
2013 | España Banesto
9%
2018 | España ONO
9%
2017 | Estados Unidos Toys R Us
9%
2002 | Estados Unidos Compaq
0%
1991 | Estados Unidos Pan Am
0%
2017 | Estados Unidos Vine
0%
No se encontraron pruebas coincidentes
Distribución de puntuación
Porcentaje de gente con cada puntuación
Porcentaje por número respondido
Historial de tus puntuaciones
No has intentado esta prueba.